Normal view
MARC view
- Buddhist architecture
Entry Topical Term
001 - CONTROL NUMBER
- control field: 131009
003 - CONTROL NUMBER IDENTIFIER
- control field: NUST
005 - DATE AND TIME OF LATEST TRANSACTION
- control field: 20251008155244.0
008 - FIXED-LENGTH DATA ELEMENTS
- fixed length control field: 251008|| aca||aabn | a|a d
040 ## - CATALOGING SOURCE
- Original cataloging agency: NUST
- Transcribing agency: NUST
150 ## - HEADING--TOPICAL TERM
- General subdivision: Buddhist
- General subdivision:
- Topical term or geographic name entry element: Buddhist architecture
- Chronological subdivision: Pakistan
670 ## - SOURCE DATA FOUND
- Source citation: Work cat.: (NUST)217050: Shah, Safdar Ali, 50772, The Buddhist Heritage of Pakistan, 2011
